[Event "GER-chT U20 Girls"]
[Site "Muenster"]
[Date "2022.12.28"]
[Round "4"]
[White "Derling, Charlotte"]
[Black "Peglau, Sarah"]
[Result "0-1"]
[WhiteElo "1627"]
[BlackElo "1790"]
[PlyCount "92"]
[EventDate "2022.12.26"]
[EventType "team-swiss"]
[EventRounds "7"]
[EventCountry "GER"]
[SourceTitle "CBM 212 Extra"]
[Source "ChessBase"]
[SourceDate "2023.03.31"]
[SourceVersion "1"]
[SourceVersionDate "2023.03.31"]
[SourceQuality "1"]
[WhiteTeam "Halle USV"]
[BlackTeam "Seeblick"]
[WhiteTeamCountry "GER"]
[BlackTeamCountry "GER"]

1. e4 d6 2. d4 g6 3. Nc3 a6 4. Be3 b5 5. Bd3 Bg7 6. Qd2 Bb7 7. Nf3 Nd7 8. 0-0 c5 9. dxc5 Nxc5 10. a3 Rc8 11. Bd4 Nf6 12. Rfe1 0-0 13. Rad1 Qc7 14. h3 Rfd8 15. Qe3 Nxd3 16. cxd3 Nd7 17. Bxg7 Kxg7 18. d4 Nb6 19. Rc1 Nc4 20. Qe2 Qa5 21. Na2 Rd7 22. Rc2 Rdc7 23. Rec1 Qb6 24. a4 d5 25. exd5 Bxd5 26. b3 Bxf3 27. Qxf3 Ne5 28. Qe4 Rxc2 29. Rxc2 Rxc2 30. Qxc2 Qxd4 31. Qc3 Qxc3 32. Nxc3 b4 33. Nd5 Nc6 34. a5 e6 35. Nc7 Nb8 36. Kf1 Kf8 37. Ke2 Ke7 38. Kd3 Kd6 39. Ne8+ Kc5 40. Nc7 e5 41. Ke4 Kd6 42. Ne8+ Ke7 43. Nc7 Kd7 44. Nd5 Nc6 45. Kd3 Kd6 46. Ke4 f5+ 0-1

[Event "EU-ch Rapid"]
[Site "Katowice"]
[Date "2022.12.17"]
[Round "1"]
[White "Nasuta, Grzegorz"]
[Black "Peglau, Sarah"]
[Result "1-0"]
[WhiteElo "2546"]
[BlackElo "1790"]
[PlyCount "39"]
[EventDate "2022.12.17"]
[EventType "swiss (rapid)"]
[EventRounds "11"]
[EventCountry "POL"]
[SourceTitle "CBM 211 Extra"]
[Source "ChessBase"]
[SourceDate "2023.01.31"]
[SourceVersion "1"]
[SourceVersionDate "2023.01.31"]
[SourceQuality "1"]

1. e4 c6 2. d4 d5 3. Nc3 dxe4 4. Nxe4 Nd7 5. Ng5 Ngf6 6. Bd3 e6 7. N1f3 Be7 8. Qe2 Nb6 9. Ne5 0-0 10. c3 h6 11. Ne4 Qc7 12. Nxf6+ Bxf6 13. Qe4 Rd8 14. Qh7+ Kf8 15. Bf4 Rd6 16. Qh8+ Ke7 17. Qg8 Bxe5 18. Bxe5 Nd5 19. Qxg7 b6 20. Bg6 1-0

[Event "EU-Cup (Women) 26th"]
[Site "Mayrhofen"]
[Date "2022.10.07"]
[Round "5.4"]
[White "Wu, Min"]
[Black "Peglau, Sarah"]
[Result "1-0"]
[WhiteElo "1934"]
[BlackElo "1794"]
[PlyCount "79"]
[EventDate "2022.10.03"]
[EventType "team-swiss"]
[EventRounds "7"]
[EventCountry "AUT"]
[SourceTitle "CBM 210 Extra"]
[Source "ChessBase"]
[SourceDate "2022.11.30"]
[SourceVersion "1"]
[SourceVersionDate "2022.11.30"]
[SourceQuality "1"]
[WhiteTeam "Zell/Zillertal (W)"]
[BlackTeam "Seeblick (W)"]
[WhiteTeamCountry "AUT"]
[BlackTeamCountry "AUT"]

1. e4 e6 2. d4 d5 3. Nd2 c5 4. Ngf3 cxd4 5. Nxd4 Nc6 6. Nxc6 bxc6 7. Bd3 Bd6 8. 0-0 Qc7 9. h3 Nf6 10. c4 d4 11. e5 Bxe5 12. Nf3 c5 13. Nxe5 Qxe5 14. Qf3 Qb8 15. Qc6+ Bd7 16. Qxc5 Qb6 17. Qe5 0-0 18. Bg5 Qd8 19. Qxd4 Bc6 20. Qc3 h6 21. Bh4 g5 22. Bg3 Ne4 23. Bxe4 Bxe4 24. Rad1 Qb6 25. c5 Qb7 26. Qf6 Kh7 27. f3 Bg6 28. f4 Qe4 29. fxg5 Qe3+ 30. Kh2 Qxg5 31. Bh4 Qxc5 32. Rfe1 Rg8 33. Re5 Qc2 34. Rg1 Rab8 35. b3 Qxa2 36. Bf2 Qxb3 37. Be3 Rb5 38. Qh4 Bh5 39. Qxh5 Rg6 40. Rxb5 1-0

[Event "EU-Cup (Women) 26th"]
[Site "Mayrhofen"]
[Date "2022.10.06"]
[Round "4.4"]
[White "Peglau, Sarah"]
[Black "Thorsteinsdottir, Gudlaug"]
[Result "0-1"]
[WhiteElo "1794"]
[BlackElo "2014"]
[PlyCount "55"]
[EventDate "2022.10.03"]
[EventType "team-swiss"]
[EventRounds "7"]
[EventCountry "AUT"]
[SourceTitle "CBM 210 Extra"]
[Source "ChessBase"]
[SourceDate "2022.11.30"]
[SourceVersion "1"]
[SourceVersionDate "2022.11.30"]
[SourceQuality "1"]
[WhiteTeam "Seeblick (W)"]
[BlackTeam "Gardabaer (W)"]
[WhiteTeamCountry "AUT"]
[BlackTeamCountry "ISL"]

1. d4 d5 2. c4 e6 3. e3 Nf6 4. Nf3 c5 5. Nc3 Nc6 6. a3 a6 7. dxc5 Bxc5 8. b4 Bd6 9. Bb2 0-0 10. Rc1 Re8 11. Qc2 dxc4 12. Bxc4 b5 13. Bd3 Bb7 14. Ne4 Bxb4+ 15. axb4 Nxb4 16. Nxf6+ Kh8 17. Qc3 Nxd3+ 18. Kf1 Rc8 19. Qd2 Rxc1+ 20. Bxc1 gxf6 21. Ba3 Qd5 22. Ke2 Ne5 23. Nxe5 fxe5 24. Bb2 f6 25. Rg1 Qc4+ 26. Ke1 Rc8 27. f4 Qe4 28. fxe5 0-1

[Event "GER-ch (Women)"]
[Site "Magdeburg"]
[Date "2022.08.17"]
[Round "5"]
[White "Peglau, Sarah"]
[Black "Wartenberg, Alissa"]
[Result "0-1"]
[WhiteElo "1808"]
[BlackElo "1646"]
[PlyCount "64"]
[EventDate "2022.08.14"]
[EventType "swiss"]
[EventRounds "9"]
[EventCountry "GER"]
[SourceTitle "CBM 209 Extra"]
[Source "ChessBase"]
[SourceDate "2022.09.30"]
[SourceVersion "1"]
[SourceVersionDate "2022.09.30"]
[SourceQuality "1"]

1. g3 d5 2. Bg2 Nf6 3. Nf3 c6 4. d4 e6 5. c4 Nbd7 6. Bg5 Be7 7. Nbd2 0-0 8. 0-0 h6 9. Bxf6 Nxf6 10. Ne5 a5 11. e3 Bd6 12. f4 Bxe5 13. dxe5 Nd7 14. Qe2 b5 15. cxd5 cxd5 16. e4 Nb6 17. Rfd1 Qe8 18. exd5 Nxd5 19. Ne4 Rb8 20. Nd6 Qc6 21. Kh1 Bb7 22. Rac1 Qb6 23. Rd2 Rfd8 24. Qxb5 Rxd6 25. Qf1 Rdd8 26. Be4 Ne3 27. Rxd8+ Rxd8 28. Qf3 Bxe4 29. Qxe4 Ng4 30. Qe2 Qe3 31. Qxe3 Nxe3 32. Rc5 Rd1# 0-1

[Event "GER-chT U20 Girls"]
[Site "Kiel"]
[Date "2022.07.24"]
[Round "3.1"]
[White "Albayrak, Nese Pinar"]
[Black "Peglau, Sarah"]
[Result "1-0"]
[WhiteElo "1651"]
[BlackElo "1782"]
[PlyCount "105"]
[EventDate "2022.07.22"]
[EventType "team-swiss"]
[EventRounds "7"]
[EventCountry "GER"]
[SourceTitle "CBM 209 Extra"]
[Source "ChessBase"]
[SourceDate "2022.09.30"]
[SourceVersion "1"]
[SourceVersionDate "2022.09.30"]
[SourceQuality "1"]
[WhiteTeam "Nuernberg Noris Tarrasch"]
[BlackTeam "Seeblick"]
[WhiteTeamCountry "GER"]
[BlackTeamCountry "GER"]

1. e4 c6 2. d4 d5 3. e5 Bf5 4. h4 Qc7 5. Bd3 Bg6 6. Bxg6 hxg6 7. e6 Nf6 8. exf7+ Kxf7 9. Nf3 Nbd7 10. Ng5+ Kg8 11. Qd3 e5 12. Qxg6 Nb6 13. h5 Rh6 14. Qf5 Re8 15. Ne6 Qe7 16. Bxh6 gxh6 17. Nxf8 exd4+ 18. Ne6 Qxe6+ 19. Qxe6+ Rxe6+ 20. Kd1 Ng4 21. Rf1 Nc4 22. Kc1 Nxf2 23. b3 Re2 24. bxc4 dxc4 25. c3 c5 26. a4 b6 27. Ra3 a6 28. Nd2 b5 29. axb5 axb5 30. cxd4 cxd4 31. Ra8+ Kg7 32. Ra7+ Kg8 33. Ra8+ Kg7 34. Ra7+ Kg8 35. Rd7 c3 36. Rxd4 cxd2+ 37. Rxd2 Rxd2 38. Kxd2 Ne4+ 39. Ke3 Ng3 40. Rb1 Nxh5 41. Rxb5 Ng7 42. Kf4 Kh7 43. Rb6 Ne8 44. Rc6 Ng7 45. g4 Ne8 46. Kf5 Kg7 47. Ke5 Kh7 48. Ke6 Ng7+ 49. Kf7 h5 50. g5 Nf5 51. g6+ Kh6 52. g7+ Kg5 53. g8Q+ 1-0

[Event "GER-chT U20 Girls"]
[Site "Willingen"]
[Date "2021.06.26"]
[Round "5.2"]
[White "Peglau, Sarah"]
[Black "Flach, Helene"]
[Result "1/2-1/2"]
[WhiteElo "1733"]
[BlackElo "1749"]
[PlyCount "94"]
[EventDate "2021.06.23"]
[EventType "team-swiss"]
[EventRounds "7"]
[EventCountry "GER"]
[SourceTitle "CBM 203 Extra"]
[Source "ChessBase"]
[SourceDate "2021.09.30"]
[SourceVersion "1"]
[SourceVersionDate "2021.09.30"]
[SourceQuality "1"]
[WhiteTeam "Seeblick"]
[BlackTeam "Langen"]
[WhiteTeamCountry "GER"]
[BlackTeamCountry "GER"]

1. d4 d5 2. c4 e6 3. Nc3 Be7 4. Nf3 Nf6 5. Bg5 0-0 6. e3 Nbd7 7. Qc2 b6 8. cxd5 exd5 9. Bd3 Bb7 10. 0-0 c5 11. dxc5 bxc5 12. Rfd1 h6 13. Bxf6 Nxf6 14. Rac1 Qa5 15. Qa4 Qb6 16. Rd2 Rfd8 17. Be2 Ne4 18. Rdc2 c4 19. Nd4 Nc5 20. Qb5 Qc7 21. b4 cxb3 22. Nxb3 Ba6 23. Qa5 Qb6 24. Bxa6 Nxb3 25. Qxb6 axb6 26. axb3 Rxa6 27. Na4 b5 28. Nc5 Ra3 29. b4 d4 30. exd4 Rxd4 31. Rb1 Rxb4 32. Re1 Rc4 33. Rxc4 bxc4 34. Ne4 Bb4 35. Rc1 c3 36. Kf1 f5 37. Ng3 g6 38. Rc2 Ra1+ 39. Ke2 Rb1 40. f3 Rb2 41. Kd3 Kf7 42. Ne2 Ke6 43. Nxc3 Bxc3 44. Kxc3 Rxc2+ 45. Kxc2 Ke5 46. Kd3 g5 47. g3 g4 1/2-1/2

[Event "GER-chT U20 Girls"]
[Site "Willingen"]
[Date "2021.06.24"]
[Round "1.4"]
[White "Peglau, Sarah"]
[Black "Margaryan, Susanna"]
[Result "1-0"]
[WhiteElo "1733"]
[BlackElo "1468"]
[PlyCount "49"]
[EventDate "2021.06.23"]
[EventType "team-swiss"]
[EventRounds "7"]
[EventCountry "GER"]
[SourceTitle "CBM 203 Extra"]
[Source "ChessBase"]
[SourceDate "2021.09.30"]
[SourceVersion "1"]
[SourceVersionDate "2021.09.30"]
[SourceQuality "1"]
[WhiteTeam "Seeblick"]
[BlackTeam "Elmshorn"]
[WhiteTeamCountry "GER"]
[BlackTeamCountry "GER"]

1. e4 d5 2. exd5 Qxd5 3. Nf3 Bg4 4. Be2 Nf6 5. 0-0 e6 6. h3 Bh5 7. d4 Be7 8. c4 Qd8 9. Nc3 0-0 10. Bf4 c6 11. Rc1 Nbd7 12. Qc2 Nb6 13. g4 Bg6 14. Qb3 Re8 15. Rfd1 a5 16. a4 Ra7 17. Be3 Nbd7 18. d5 Bc5 19. dxc6 Bxe3 20. cxd7 Bxc1 21. dxe8Q+ Qxe8 22. Rxc1 Nd7 23. Rd1 Nc5 24. Qb6 Ra6 25. Rd8 1-0

[Event "GER-ch U18 Girls"]
[Site "Willingen"]
[Date "2020.10.20"]
[Round "1"]
[White "Muedder, Melanie"]
[Black "Peglau, Sarah"]
[Result "1-0"]
[WhiteElo "2039"]
[BlackElo "1699"]
[PlyCount "43"]
[EventDate "2020.10.19"]
[EventType "swiss"]
[EventRounds "7"]
[EventCountry "GER"]
[SourceTitle "EXT 2022"]
[Source "ChessBase"]
[SourceDate "2021.10.06"]
[SourceVersion "1"]
[SourceVersionDate "2021.10.06"]
[SourceQuality "1"]

1. e4 c6 2. Nf3 d5 3. Nc3 dxe4 4. Nxe4 Nf6 5. Qe2 Nxe4 6. Qxe4 Qd5 7. Qf4 Qf5 8. Qe3 Qxc2 9. Bd3 Qa4 10. b3 Qa5 11. Bb2 e6 12. 0-0 Nd7 13. Qf4 b6 14. Ng5 Nc5 15. b4 Qa4 16. Qxf7+ Kd8 17. bxc5 Bxc5 18. Bxg7 Re8 19. Bf6+ Be7 20. Nxe6+ Bxe6 21. Qxe6 Qa3 22. Bf5 1-0

[Event "GER-ch op (Women) 20th"]
[Site "Erlangen"]
[Date "2020.10.03"]
[Round "4"]
[White "Peglau, Lorena"]
[Black "Peglau, Sarah"]
[Result "0-1"]
[WhiteElo "1061"]
[BlackElo "1699"]
[PlyCount "46"]
[EventDate "2020.10.01"]
[EventType "swiss"]
[EventRounds "7"]
[EventCountry "GER"]
[SourceTitle "EXT 2022"]
[Source "ChessBase"]
[SourceDate "2021.10.06"]
[SourceVersion "1"]
[SourceVersionDate "2021.10.06"]
[SourceQuality "1"]

1. d4 f5 2. c4 e6 3. Nc3 Nf6 4. g3 Bb4 5. Bd2 0-0 6. Bg2 d5 7. cxd5 exd5 8. Nf3 c6 9. 0-0 Be6 10. Ne5 Qe7 11. Qc2 Nbd7 12. Nxd7 Bxd7 13. Rfe1 Rae8 14. e3 Bd6 15. Rac1 Ne4 16. b3 Rf6 17. Nxe4 fxe4 18. Qc3 Ref8 19. Qa5 Rxf2 20. Bc3 Qg5 21. Qxa7 Bxg3 22. Qxb7 Bxh2+ 23. Kh1 Qxg2# 0-1

[Event "Pardubice Kraj op-G"]
[Site "Pardubice"]
[Date "2020.09.24"]
[Round "9"]
[White "Nikanova, Ekaterina"]
[Black "Peglau, Sarah"]
[Result "1-0"]
[WhiteElo "1984"]
[BlackElo "1475"]
[PlyCount "111"]
[EventDate "2020.09.23"]
[EventType "swiss (rapid)"]
[EventRounds "9"]
[EventCountry "CZE"]
[SourceTitle "CBM 198 Extra"]
[Source "ChessBase"]
[SourceDate "2020.11.30"]
[SourceVersion "1"]
[SourceVersionDate "2020.11.30"]
[SourceQuality "1"]

1. e4 c6 2. d4 d5 3. Nc3 dxe4 4. Nxe4 Nf6 5. Ng3 c5 6. Nf3 Bg4 7. Be2 Bxf3 8. Bxf3 Nc6 9. dxc5 Qxd1+ 10. Bxd1 e6 11. Be3 Nd5 12. Ne4 Nxe3 13. fxe3 Rd8 14. a3 a5 15. Rb1 Rd5 16. b4 axb4 17. axb4 Re5 18. Bf3 f5 19. Nd6+ Bxd6 20. cxd6 Rxe3+ 21. Kd2 Re5 22. c4 g5 23. c5 g4 24. Bxc6+ bxc6 25. Ra1 Kf7 26. Ra7+ Kf6 27. g3 h5 28. Kc2 f4 29. gxf4 Re4 30. d7 Rd8 31. Kc3 Rxf4 32. Rd1 Rf2 33. b5 Rf5 34. Kb4 cxb5 35. Kxb5 Ke7 36. Kb6 Rf2 37. c6 Rb2+ 38. Kc7 Rbb8 39. Rb7 Ra8 40. Rdb1 h4 41. Rb8 Ra7+ 42. R1b7 Ra8 43. Rxa8 Rxa8 44. Rb8 Ra7+ 45. Kb6 Rxd7 46. cxd7 Kxd7 47. Rh8 g3 48. hxg3 hxg3 49. Rg8 Kd6 50. Rxg3 Kd5 51. Rg8 e5 52. Rd8+ Ke4 53. Kc5 Kf3 54. Kc4 e4 55. Re8 e3 56. Kd3 1-0

[Event "GER-chT U20 Girls"]
[Site "Braunschweig"]
[Date "2019.12.29"]
[Round "6.3"]
[White "Doll, Rebecca"]
[Black "Peglau, Sarah"]
[Result "1/2-1/2"]
[WhiteElo "1659"]
[BlackElo "1760"]
[PlyCount "54"]
[EventDate "2019.12.27"]
[EventType "team-swiss"]
[EventRounds "7"]
[EventCountry "GER"]
[SourceTitle "CBM 194 Extra"]
[Source "ChessBase"]
[SourceDate "2020.03.31"]
[SourceVersion "1"]
[SourceVersionDate "2020.03.31"]
[SourceQuality "1"]
[WhiteTeam "Baden-Baden"]
[BlackTeam "Seeblick"]
[WhiteTeamCountry "GER"]
[BlackTeamCountry "GER"]

1. e4 e6 2. d4 d5 3. Nd2 dxe4 4. Nxe4 Bd7 5. Nf3 Bc6 6. Bd3 Nd7 7. 0-0 Ngf6 8. Qe2 Nxe4 9. Bxe4 Bxe4 10. Qxe4 c6 11. Bf4 Nf6 12. Qe2 Bd6 13. Bxd6 Qxd6 14. Rfd1 0-0 15. Ne5 Nd7 16. Rd3 Rfd8 17. Rad1 Qc7 18. h3 h6 19. Qh5 Nf6 20. Qf3 Kf8 21. c4 Rd6 22. Qg3 Qe7 23. Qf4 Rad8 24. R1d2 Ke8 25. Qe3 Nd7 26. Qg3 Kf8 27. Qf3 Ke8 1/2-1/2

[Event "GER-ch op (Women)"]
[Site "Bayerisch Eisenstein"]
[Date "2019.08.04"]
[Round "9"]
[White "Steckmann, Kerstin"]
[Black "Peglau, Sarah"]
[Result "0-1"]
[WhiteElo "1653"]
[BlackElo "1525"]
[PlyCount "82"]
[EventDate "2019.07.27"]
[EventType "swiss"]
[EventRounds "9"]
[EventCountry "GER"]
[SourceTitle "CBM 191 Extra"]
[Source "ChessBase"]
[SourceDate "2019.09.30"]
[SourceVersion "1"]
[SourceVersionDate "2019.09.30"]
[SourceQuality "1"]

1. d4 d5 2. c4 e6 3. Nf3 Nf6 4. Bg5 Be7 5. e3 0-0 6. Nc3 b6 7. cxd5 exd5 8. Bd3 Bb7 9. 0-0 Na6 10. Rc1 Ne4 11. Bxe7 Qxe7 12. Ne2 Rfc8 13. Qa4 Nb4 14. Bb1 Ba6 15. Rfe1 Bd3 16. Nf4 Bxb1 17. Rxb1 g5 18. Nh5 Nd3 19. Re2 Re8 20. Qc6 Rad8 21. Qh6 f5 22. Nxg5 Rd6 23. Qxh7+ Qxh7 24. Nxh7 Kxh7 25. Rd1 Ndxf2 26. Rxf2 Nxf2 27. Kxf2 c5 28. dxc5 bxc5 29. Nf4 Kg7 30. Rxd5 Rxd5 31. Nxd5 Rd8 32. Nf4 Rd2+ 33. Kf3 c4 34. h4 Rxb2 35. e4 c3 36. exf5 Rxa2 37. Ke3 a5 38. Kd3 a4 39. Kxc3 Rf2 40. Nd3 Rxg2 41. Nb2 a3 0-1

[Event "GER-ch op (Women)"]
[Site "Bayerisch Eisenstein"]
[Date "2019.07.29"]
[Round "3"]
[White "Peglau, Sarah"]
[Black "Von Herman, Brigitte"]
[Result "0-1"]
[WhiteElo "1525"]
[BlackElo "2062"]
[PlyCount "78"]
[EventDate "2019.07.27"]
[EventType "swiss"]
[EventRounds "9"]
[EventCountry "GER"]
[SourceTitle "CBM 191 Extra"]
[Source "ChessBase"]
[SourceDate "2019.09.30"]
[SourceVersion "1"]
[SourceVersionDate "2019.09.30"]
[SourceQuality "1"]

1. d4 d5 2. Nf3 Nf6 3. Bf4 e6 4. e3 c5 5. c4 Nc6 6. Nc3 a6 7. Rc1 cxd4 8. Nxd4 Be7 9. cxd5 exd5 10. Be2 0-0 11. 0-0 h6 12. Qd2 Bb4 13. Bf3 Ne4 14. Bxe4 dxe4 15. Rfd1 Nxd4 16. Qxd4 Qxd4 17. Rxd4 Bxc3 18. Rxc3 Be6 19. Rxe4 Bxa2 20. Re7 Rfd8 21. Kf1 b5 22. Ke1 a5 23. Rcc7 a4 24. Red7 Rxd7 25. Rxd7 Rc8 26. Rb7 Rc5 27. Bd6 Rd5 28. Bb4 Bb3 29. Rb6 Rd1+ 30. Ke2 Rg1 31. g3 Bc4+ 32. Kf3 Rc1 33. e4 Rc2 34. Bc3 a3 35. Bd4 axb2 36. Bxb2 Rxb2 37. Ke3 Kf8 38. Rb7 Rb3+ 39. Kd4 Rf3 0-1